| 000 | 00508nam a2200157Ia 4500 | ||
|---|---|---|---|
| 008 | 220216s9999 xx 000 0 und d | ||
| 100 | _aYeang H Y | ||
| 245 | 0 | _aAssessing latex glove allergenicity to promote product acceptance | |
| 260 | _bIRRDB Symposium: Challenges for Natural Rubber in Globalization, 15-17 September 2003, Ching Mai, Thailand | ||
| 650 | _aLatex glove allergy | ||
| 700 | _aArif S A M | ||
| 700 | _aHamilton R G | ||
| 700 | _aLoke Y H | ||
| 700 | _aRaulf-Heimsoth M | ||
| 942 | _cJS | ||
| 999 |
_c54529 _d54529 |
||